Hodnotenie účinnosti aktívnych politík trhu práce diplomová práca

Gespeichert in:
Bibliographische Detailangaben
1. Verfasser: Mandžák, Peter
Körperschaft: Národohospodárska fakulta EU. Katedra hospodárskej politiky
Weitere Verfasser: Habrman, Michal
Format: Buch
Sprache:Slowakisch
Veröffentlicht: Bratislava 2017
Tags: Tag hinzufügen
Keine Tags, Fügen Sie das erste Tag hinzu!

MARC

LEADER 00000nbm a2200000 4500
001 0231841
005 20170807100701.4
041 0 |a slo 
044 |a SK 
245 1 0 |a Hodnotenie účinnosti aktívnych politík trhu práce  |b diplomová práca  |c Peter Mandžák ; školiteľ: Michal Habrman 
264 1 |a Bratislava  |c 2017 
300 |a 57 s. 
100 1 |a Mandžák, Peter 
700 1 |a Habrman, Michal 
710 2 |a Národohospodárska fakulta EU. Katedra hospodárskej politiky